000 00848nam a22002537i 4500
999 _c172721
_d172721
005 20190522093234.0
008 190520s2017 ii ||||e |||| 00| f tam d
020 _cRM45.00
_qpaperback
040 _aPPAK
_beng
_cPPAK
_erda
082 0 4 _223
_a894.8113
090 0 0 _a894.8113
_bLAV
_dG
100 0 _6880-02
_aLāvaṇyā,
_eauthor.
245 0 0 _6880-02
_aMinminik kanavukaḷ /
_cTirumati Lāvaṇyā
246 1 1 _aMimpi Menmini
264 1 _aChennai, India :
_bArunothayam,
_c2017
300 _a316 pages ;
_c18 cm
336 _2rdacontent
_atext
337 _2rdamedia
_aunmediated
338 _2rdacarrier
_avolume
650 1 0 _aTamil fiction
880 0 _6100-01
_aலாவண்யா,
_eauthor.
880 0 0 _6245-02
_aமின்மினிக் கனவுகள் /
_cதிருமதி லாவண்யா
942 _2ddc
_cB